000 01356nam a2200409 a 4500
999 _c23971
_d23971
001 vtls010035131
005 20251024080815.0
008 240318|2009 xo f 000 0 slo
020 _a9788089392049
_q(brož.)
035 _a69965365-59EC-4243-A76C-469A7344E2C8
035 _aurn:nbn:sk:snk-amjfiv
035 _aurn:nbn:sk:snk-am001z59
040 _aHEVK
_bslo
_cHEVK
_dSNK
_eAACR2
041 0 _aslo
044 _axo
_cSK
072 7 _a364-1/-7
_xDruhy sociálnej pomoci a služieb
_2konspekt
080 _a316
_22001
080 _a364-32
_22001
080 _a364-43
_22001
080 _a(035)
_22001
100 1 _aBalogová, Beáta,
_d1964-
_4aut
_95084
245 1 0 _aVybrané kapitoly zo sociológie pre sociálnych a charitatívnych pracovníkov a pracovníčky
_cBeáta Balogová
250 _a2. vyd.
260 _aPrešov
_bMenta media
_c2009
300 _a75 s.
_c21 cm
650 0 7 _asociológia
_2SNKPH
_95085
650 0 7 _acharitatívni pracovníci
_2SNKPH
_95086
650 0 7 _asociálni pracovníci
_2SNKPHeng
_95087
650 0 7 _aSociology
_2SNKPHeng
_95088
650 0 7 _aCharity workers
_2SNKPHeng
_95089
650 0 7 _aSocial workers
_2SNKPHeng
_95090
655 0 7 _apríručky
_2SNKPH
_91541
655 0 7 _aHandbooks, manuals, etc.
_2SNKPHeng
_91630
958 _aNB
958 _aOND